000 00372nam a2200145Ia 4500
008 230312s9999||||xx |||||||||||||| ||und||
020 _a0-17-010183-5
082 _a005.12
_bANN-S
100 _aDastbaz;Mohammas
245 0 _aDesigning Interactive Multimedia System
260 _bThomson
_aAustralia
_c2000
300 _a278
650 _aComputer
_vComputer
942 _cBK
999 _c15452
_d15452